| 000 | | | 03603nmc2a22002413x 450 |
| 001 | | | 72cd6edd-9030-4ed2-a0e6-cd50408715d9 |
| 005 | | | 20231107100347.0 |
| 100 | ## | $a | 20230531l18421842k l0rusy0189 ca |
| 101 | 0# | $a | rus |
| 102 | ## | $a | RU |
| 105 | ## | $a | y### |
| 122 | 2# | $a | d |
| 200 | 1# | $a | Дело о выдаче Санкт-Петербургской городской думе денег за освещение фонарей по ведомству Гоф-интендантской конторы |
| | $j | 1 мая - 26 августа 1842 г. |
| 215 | ## | $a | 19 л. |
| | $d | 36,5х26 см |
| 251 | ## | $c | Дело |
| 300 | ## | $a | Дело |
| 371 | ## | $a | Документ не является опубликованным и широко распространяемым |
| 461 | #0 | $1 | 001625a9a7e-a890-4307-a7fe-826a2289a412 |
| | $1 | 2001 |
| | $a | Гоф-интенданская контора Министерства императорского двора |
| | $1 | 251 |
| | $c | Фонд |
| | $1 | 852 |
| | $j | 470 |
| 462 | #0 | $1 | 001c460302a-4555-4b6a-acca-a8970d4b8fb6 |
| | $1 | 2001 |
| | $a | Опись делам бывшей Гоф-интендантской конторы о выплате денег Городской думе |
| | $1 | 251 |
| | $c | Опись |
| | $1 | 852 |
| | $j | 2 |
| | $l | 140-574 |
| 801 | #0 | $a | RU |
| | $b | РГИА |
| | $c | 20230531 |
| | $g | RCR |
| 801 | #1 | $a | RU |
| | $b | ГлавНИВЦ |
| | $c | 20230531 |
| | $2 | rusmarc |
| 801 | #2 | $a | RU |
| | $b | ПБ им. Б.Н. Ельцина |
| | $c | 20231107 |
| | $g | RCR |
| | $2 | rusmarc |
| 850 | ## | $a | РГИА |
| 852 | ## | $a | РГИА |
| | $e | Федеральное казенное учреждение "Российский государственный исторический архив" (РГИА) |
| | $j | 24 |
| 937 | ## | $h | РГИА |
| | $d | 12402675 |
| | $a | ASBIBLIO_SCAN |
| 035 | ## | $a | RusGRCC00062083 |
| 856 | ## | $u | http://readingroom.main.prlib.ru/item.aspx?id_node=n188692096&mode=full |